Problemy fiskalne w programach dostosowawczych.

Prispôsobovanie sa a rast. Závery pre východnú Európu. Materiály z konferencie v Pultusku organizovanej Svetovou bankou a Ústavom svetovej ekonomiky SGH v októbri 1990. Rozsah finančného prispôsobovania sa. Problémy späté s meraním finančnej nerovnováhy. Kvalita finančného prispôsobovania sa. Poradi...

Full description

Saved in:
Bibliographic Details
Main Author: Tanzi, V.
Format: Book Chapter
Language:Polish
Subjects:
Tags: Add Tag
No Tags, Be the first to tag this record!

MARC

LEADER 00000naa a2200000 4500
001 r007014
005 20221125122738.6
041 0 |a pol 
044 |a PL 
245 1 0 |a Problemy fiskalne w programach dostosowawczych.  |c V. Tanzi 
520 |a Prispôsobovanie sa a rast. Závery pre východnú Európu. Materiály z konferencie v Pultusku organizovanej Svetovou bankou a Ústavom svetovej ekonomiky SGH v októbri 1990. Rozsah finančného prispôsobovania sa. Problémy späté s meraním finančnej nerovnováhy. Kvalita finančného prispôsobovania sa. Poradie realizácie finančných premien. Daň z pridanej hodnoty, z obratu, z príjmu obyvateľstva, zdanenie spoločností, daň z majetku, daň z dovozu. Investičný rozpočet a dotácie. 
610 2 0 |a financie 
610 2 0 |a rovnováha finančná 
610 2 0 |a dane z hodnoty pridanej 
610 2 0 |a dane z obratu 
610 2 0 |a dane z príjmov 
610 2 0 |a dane majetkové 
610 2 0 |a dotácie 
610 2 0 |a východná Európa 
610 2 0 |a konferencie 
610 2 0 |a PR 
610 2 0 |a 1990 
100 1 |a Tanzi, V.